000 00695pam a2200229 a 4500
001 1999326
005 20180827034035.0
008 900906r19901985mnu b 001 0 eng
010 _a 90047809
020 _a0814654649
040 _aDLC
_cDLC
_dDLC
041 _aeng
080 _a2
082 _22
100 1 _a24
101 _ateo
245 1 0 _aStory theology /
_cby Terrence W. Tilley ; preface by Robert McAfee Brown.
504 _aIncludes bibliographical references (p. 219-233) and indexes..
906 _a7
_bcbc
_corignew
_d1
_eocip
_f19
_gy-gencatlg
942 _2ddc
_cBK
999 _c47326
_d47326